Угадай песню по случайной строчке - Statistics

General Stats
  • This quiz has been taken 32 times
  • The average score is 11 of 100
Answer Stats
Текст Песня % Correct
Я знаю пароль, я вижу ориентир... «Любовь спасет мир»
45%
Для чего, скажи мне, луна Сен-Тропе? «Солнце Монако»
45%
Пьяный угар качает... «Дым сигарет с ментолом»
41%
Только ветер гудит в проводах, тускло звёзды мерцают... «Тёмная ночь»
36%
Вот и вся любовь, бросаю фантики... «На Титанике»
36%
Помиритесь те, кто в ссоре... «Пять минут»
32%
Кто карьеры не делал от солдатских кровей... «Офицеры»
32%
Соловья запев свисточек, сок берёзовый глоток... «Матушка»
32%
И на экране твой любимый герой... «Билетик в кино»
27%
Нравится мне, когда ты громко хохочешь... «Голая»
27%
Жанна из тех королев... «Улица роз»
23%
Вся в слезах и в губной помаде... «Плачет девушка в автомате»
23%
Это увлекательный был аттракцион... «Карусель»
23%
Здесь мерилом работы считают усталость... «Скованные одной цепью»
23%
И с Деми Мур делиться секретами... «Манхэттен»
23%
Патроны, водка, махорка в цене... «Комбат»
23%
Видишь там, на горе, возвышается крест... «Прогулки по воде»
23%
Пупырышки, пырышки, пупырышки, пырышки... «На районе»
18%
Всю жизнь глядятся в ночь усталые глаза... «Дальнобойщик»
18%
Садись смелей, девчонка, покатаемся с тобой... «Чёрный бумер»
18%
И даже и не знаешь, что наш сын не любит шоколад... «Тает лёд»
18%
И в белом платье ты фату надела... «Невеста»
18%
Разучился любить февраль... «Снег»
18%
Каждый вечер тусовалась в дорогущем казино... «Не пара»
18%
Пусть город знает, с кем он тусует... «В клубе»
18%
Накрась ресницы губной помадой... «Опиум для никого»
18%
Вхожу в эти двери, словно в сад июльских цветов... «Белые розы»
18%
Банька моя, я твой тазик... «Зайка моя»
18%
Растут лимоны на высоких горах... «Страна Лимония»
18%
Я войду, разорву ваш привычный круг... «Казанова»
14%
Тут парни гламурные, девчонки фигурные... «Были танцы»
14%
Тополь забросал меня осеннею листвой... «Я спросил у ясеня»
14%
Ты в жизни моей надежный причал... «Родительский дом»
14%
Черные сказки белой зимы... «Сказочная тайга»
14%
Вы смотрите на главных каналах все эти сериалы... «Вокруг шум»
14%
У стен дворца она пасла гусей... «Всё могут короли»
14%
В страну не дураков, а гениев... «Я вернусь»
14%
Звёздной поступью цариц... «Рюмка водки на столе»
14%
Мне Москва будет сниться... «Лондон»
14%
Наступит время, сам поймешь, наверное... «Мгновения»
14%
Я разгадаю тебя, как судоку... «Капкан»
14%
Гуляет весь район, гуляет вся школа... «Вечеринка у Децла»
14%
Здесь город мощных машин и настоящих мужчин... «Сан-Франциско»
9%
Среди роз найдёшь кассету... «Поздравляю»
9%
И что в мечтах моих ванильные снежинки — зима... «Мой рай»
9%
Я в городах, которых нету на карте... «Кажется»
9%
Я открыл окно, и весёлый ветер... «Дождь»
9%
И не краснеть удушливой волной... «Мне нравится»
9%
А я узнала интересный момент... «Абсент»
9%
Ты ждёшь звонка, дрожа слегка... «Маргарита»
9%
Живу сама по себе я, в моём роду были кошки... «Роман»
9%
Ветер воет, а ты грей меня... «Колыбельная»
9%
Две вечерние звезды, две дороги, две судьбы... «Морячка»
9%
Останкино сгорело быстро... «Москва»
9%
Созывали лордов на пир... «Лондон, гудбай»
9%
Ты Джонни Депп и Брэд Питт в одном флаконе... «О, Боже, какой мужчина!»
9%
Я опять и опять, попытаюсь расставить все точки... «Имя 505»
9%
Ещё приедет Бока на своём танке... «Моя игра»
5%
Солнце льётся прямо с крыш... «Королева красоты»
5%
Тучи низкие прячут лунный свет... «Широка река»
5%
Ты манишь меня своими волосами... «Бигуди»
5%
Каштан над городом цветёт... «Шаланды, полные кефали...»
5%
Ты попадаешь в сердце, словно выстрел... «Твои глаза»
5%
Ты уедешь скоpо, опустеет шумный гоpод... «Жёлтые тюльпаны»
5%
Облаков-кочевников ловить... «Лето»
5%
Где закаты цвета вишни одуряюще прекрасны... «Розовый фламинго»
5%
Останови золотую ламбаду... «На белом покрывале января»
5%
Плыл над водой тихий причал... «Колечко»
5%
Порвалась струна и теперь моя песенка спета... «Варвара»
5%
Сочинил песню, пою её иногда для местных армян... «Магадан»
5%
Тонкий лёд пустых обещаний... «Миражи»
5%
Вдоль прибоя бегает Ассоль... «Зурбаган»
5%
Едем быстро, курим молча... «А у реки»
5%
Патрон в стволе, да утюг на столе... «Цветы в вазе»
0%
Словно былые весны, что в памяти берегу... «Яблоки на снегу»
0%
Этой потной зоной управляет погода... «Городская тоска»
0%
Мы чуем страх, и ветра дуют с Азии... «До зимы»
0%
В горах притаился зелёный городок... «За розовым морем»
0%
Вот промчались тройки звонко и крылато... «Свадьба»
0%
Пусть небесный наш роман длится целый век... «Стюардесса по имени Жанна»
0%
Как прекрасен этот сон, сквозь безмолвие времён... «Мадонна»
0%
Даже весной пахнешь зимой... «Девочка-война»
0%
В сетях городского трафика... «Штрихи»
0%
В первый раз отрекаюсь скандалить... «Заметался пожар голубой»
0%
Мама последит за кошкой, едем мы к врагам проклятым... «Вояж»
0%
Птицы от них улетают совсем... «Ворона»
0%
Слов не говоря, искусай меня... «Ресницы»
0%
Керосин, бензин, лизергин, лактоза, кофеин... «Уе»
0%
А веры в любовь еще меньше, чем прежде... «Килиманджаро»
0%
Зимний день в сквозном проёме... «Никого не будет в доме»
0%
Это капельки от вина... «Мало огня»
0%
Неба бездонного синь, в улыбке весна... «Люди встречаются»
0%
Бросая облака влюбленною стрелой... «Влюблённый самолет»
0%
Там поломаются самые дерзкие грешники... «Фонтанчик с дельфином»
0%
И ветер не успел со стен сорвать афиши... «Куда уехал цирк»
0%
А мне бы понедельники взять и отметить... «Лети, Лиза»
0%
Лето прошло и наступили холода... «Я это ты»
0%
Те за Сталина, за Ленина, я за всех российских баб... «Самоволочка»
0%
И молча грустят одинокие розы... «Падают листья»
0%
В тёмной комнате или ярком свете ночных фонарей... «Синими, жёлтыми, красными»
0%
No matching quizzes found
Score Distribution
Percent of People with Each Score
Percentile by Number Answered
Your Score History
You have not taken this quiz